[Event "AUTO-OPEN-1248"]
[Site "http://www.queenalice.com/game.php?id=456689"]
[Date "2008.9.1"]
[Round "1"]
[White "the_big_master"]
[Black "docb"]
[Result "0-1"]
[WhiteElo "1400"]
[BlackElo "1745"]

1. d4 d5 2. c4 c6 3. Nc3 Nf6 4. Bf4 a6 5. e3 e6 6. c5 Nbd7 7. Nf3 Ne4 8. Ne5
Nxe5 9. Nxe4 dxe4 10. Bxe5 f6 11. Bf4 Qa5+ 12. Qd2 Qxd2+ 13. Kxd2 h5 14. b4 Kd7
15. Be2 g5 16. Bg3 h4 17. Bd6 Bxd6 18. cxd6 Kxd6 19. Rhc1 Bd7 20. a4 b5 21. axb5
axb5 22. Ra5 Rxa5 23. bxa5 Ra8 24. Ra1 e5 25. f3 f5 26. dxe5+ Kxe5 27. fxe4 fxe4
28. h3 Be6 29. a6 Bb3 30. a7 Ba4 31. Rc1 Kd6 32. Rf1 Rxa7 33. Rf6+ Kc5 34. Rf5+
Kb4 35. Rxg5 c5 36. Re5 Rd7+ 37. Ke1 Bc2 38. Rh5 c4 39. Rxh4 Bd3 40. g4 Bxe2 0-1

[Event "AUTO-OPEN-1248"]
[Site "http://www.queenalice.com/game.php?id=456690"]
[Date "2008.9.1"]
[Round "1"]
[White "docb"]
[Black "the_big_master"]
[Result "1-0"]
[WhiteElo "1720"]
[BlackElo "1582"]

1. e4 e5 2. Nf3 Nc6 3. d4 exd4 4. Nxd4 Nxd4 5. Qxd4 c5 6. Qe3 b6 7. Nc3 Bb7 8.
Nd5 Bd6 9. c4 Bxd5 10. cxd5 Qc7 11. f4 O-O-O 12. Ba6+ Kb8 13. O-O c4 14. Kh1 Bc5
15. Qc3 Ne7 16. Qxc4 h6 17. b4 Bd6 18. Qxc7+ Bxc7 19. Bb2 f6 20. Rad1 Ng6 21. d6
Bxd6 22. Rxd6 Rhe8 23. Rd4 Ne7 24. Bb5 Nc6 25. Bxc6 dxc6 26. Rxd8+ Rxd8 27. a3
Rd2 28. Ba1 Ra2 29. e5 fxe5 30. Bxe5+ Kb7 31. Bxg7 h5 32. f5 Rd2 33. f6 Rd8 34.
f7 c5 35. f8=Q Rxf8 36. Bxf8 c4 37. b5 1-0

[Event "AUTO-OPEN-1248"]
[Site "http://www.queenalice.com/game.php?id=456691"]
[Date "2008.9.1"]
[Round "1"]
[White "the_big_master"]
[Black "Daniloooooooooooo"]
[Result "0-1"]
[WhiteElo "1500"]
[BlackElo "1374"]

1. d4 Nf6 2. c4 e6 3. Nc3 Bb4 4. Bg5 d5 5. e3 O-O 6. Bd3 dxc4 7. Bxc4 c6 8. Qb3
Bxc3+ 9. Qxc3 Ne4 10. Bxd8 Nxc3 11. bxc3 Rxd8 12. Nf3 b5 13. Bd3 Na6 14. O-O Nc5
15. Bxh7+ Kxh7 0-1

[Event "AUTO-OPEN-1248"]
[Site "http://www.queenalice.com/game.php?id=456692"]
[Date "2008.9.1"]
[Round "1"]
[White "Daniloooooooooooo"]
[Black "the_big_master"]
[Result "1-0"]
[WhiteElo "1440"]
[BlackElo "1467"]

1. d4 Nf6 2. c4 g6 3. Nc3 Bg7 4. e4 d6 5. g3 c6 6. Bg2 O-O 7. Nge2 e5 8. d5 cxd5
9. cxd5 Bg4 10. h3 Bxe2 11. Qxe2 Nbd7 12. O-O Nc5 13. Be3 b6 14. Rac1 Nfd7 15.
b4 Nb7 16. Nb5 Nf6 17. Rc7 1-0

[Event "white - 04"]
[Site "http://www.queenalice.com/game.php?id=456935"]
[Date "2008.9.1"]
[Round "-"]
[White "the_big_master"]
[Black "guidzidlo"]
[Result "0-1"]
[WhiteElo "1405"]
[BlackElo "1644"]

1. d4 d5 2. c4 c6 3. Nc3 e6 4. Bf4 Bd6 5. Bxd6 Qxd6 6. c5 Qc7 7. Nf3 Nf6 8. e3
O-O 9. h3 b6 10. b4 bxc5 11. bxc5 Qa5 12. Rc1 Na6 13. Bd3 Nb4 14. O-O Nxa2 15.
Nxa2 Qxa2 16. Ne5 Qa5 0-1

[Event "black - 04"]
[Site "http://www.queenalice.com/game.php?id=456938"]
[Date "2008.9.1"]
[Round "-"]
[White "guidzidlo"]
[Black "the_big_master"]
[Result "1-0"]
[WhiteElo "1650"]
[BlackElo "1399"]

1. e4 e5 2. Nf3 Nc6 3. b3 Bc5 4. Bc4 h6 5. Bb2 d6 6. O-O Bg4 7. h3 Bh5 8. Nc3
Nf6 9. a3 Nd4 10. g4 Bg6 11. d3 c6 12. b4 Nxf3+ 13. Qxf3 O-O 14. Na4 Bb6 15.
Nxb6 axb6 16. Bb3 h5 17. g5 1-0

[Event "white - 05"]
[Site "http://www.queenalice.com/game.php?id=457042"]
[Date "2008.9.2"]
[Round "-"]
[White "the_big_master"]
[Black "ClappinTheCaptain"]
[Result "0-1"]
[WhiteElo "1682"]
[BlackElo "1764"]

1. d4 d6 2. c4 g6 3. Nc3 Bg7 4. Bf4 Nc6 5. d5 Bxc3+ 6. bxc3 Ne5 7. Bxe5 dxe5 8.
e4 Nf6 9. f3 Qd6 10. Bd3 Qa3 11. Ne2 Bd7 12. Qd2 c6 13. O-O e6 14. dxc6 Bxc6 15.
f4 Nd7 16. f5 O-O-O 17. Rab1 Nc5 18. Nc1 Nxe4 19. Qb2 Qxc3 20. Qxc3 Nxc3 21. Rb2
exf5 22. Rb3 Ne4 23. Bxe4 Bxe4 24. Ne2 Bd3 25. Rd1 Bxe2 26. Re1 Rd2 27. Re3 Bxc4
28. Rxe5 Bxa2 29. Ra5 Kb8 30. Ra1 Bb3 31. Rxa7 Rc8 32. Ra8+ Kc7 33. Rc1+ Rc2 34.
Rxc2+ Bxc2 35. Ra2 Be4 36. Ra3 b5 37. Rb3 Rb8 38. Rc3+ Kd8 39. Re3 b4 40. Rb3 f4
41. Kf2 Bc2 42. Rb2 b3 43. Kf3 Rb4 44. Ke2 Rd4 45. g3 fxg3 46. hxg3 f5 47. Ke3
Rd3+ 48. Ke2 Rxg3 49. Kd2 f4 50. Ke2 Rg2+ 51. Kf1 f3 0-1

[Event "black - 05"]
[Site "http://www.queenalice.com/game.php?id=457044"]
[Date "2008.9.2"]
[Round "-"]
[White "Mahalael"]
[Black "the_big_master"]
[Result "0-1"]
[WhiteElo "1120"]
[BlackElo "1682"]

1. e4 e5 2. Nf3 Nc6 3. Bc4 Bc5 4. Ng5 Qxg5 5. O-O d6 6. d4 Qg6 7. dxc5 Be6 8.
Na3 Bxc4 9. Nxc4 Qxe4 10. b3 Nd4 11. Ne3 dxc5 12. c3 Nc6 13. f3 Qg6 14. Nd5
O-O-O 15. g3 Nf6 16. Rf2 Nxd5 17. Rd2 Nf4 18. Kh1 Nh3 19. Ba3 b6 20. b4 Nf2+ 21.
Rxf2 Rxd1+ 22. Rxd1 cxb4 23. cxb4 Rd8 24. Rc1 b5 25. Rfc2 Rd1+ 26. Kg2 Rxc1 27.
Rxc1 Nd4 28. Re1 f6 29. f4 Qc2+ 30. Kh3 Nf3 31. Rh1 Qxa2 32. Bc1 exf4 33. Bxf4
g5 34. Be3 h5 35. g4 h4 36. Bg1 Qb3 37. Bxa7 Ne5+ 38. Kg2 Qf3+ 39. Kg1 Qxg4+ 40.
Kf1 Qxb4 41. Rg1 Qb1+ 42. Kf2 Qa2+ 43. Ke3 Qxa7+ 0-1

[Event "AUTO-INT-1028"]
[Site "http://www.queenalice.com/game.php?id=459699"]
[Date "2008.9.7"]
[Round "1"]
[White "Drica"]
[Black "the_big_master"]
[Result "1-0"]
[WhiteElo "1597"]
[BlackElo "1522"]

1. e4 e5 2. Qf3 Nf6 3. Bc4 Bc5 4. Nc3 c6 5. a4 d6 6. b3 Bd4 7. b4 O-O 8. d3
Bxc3+ 9. Bd2 Bxa1 10. Qg3 Nh5 11. Qg5 Qxg5 12. Bxg5 h6 13. Be7 Be6 14. Bxd6 1-0

[Event "AUTO-INT-1028"]
[Site "http://www.queenalice.com/game.php?id=459700"]
[Date "2008.9.7"]
[Round "1"]
[White "the_big_master"]
[Black "Drica"]
[Result "0-1"]
[WhiteElo "1548"]
[BlackElo "1582"]

1. d4 e6 2. c4 Qf6 3. Nc3 Nc6 4. Nf3 b6 5. Bg5 Qf5 6. e4 Qg4 7. h3 Qh5 8. g4 Qg6
9. Bd3 Nxd4 10. Be3 Nc6 11. Qc2 h5 12. O-O-O Nb4 0-1

[Event "AUTO-INT-1028"]
[Site "http://www.queenalice.com/game.php?id=459705"]
[Date "2008.9.7"]
[Round "1"]
[White "juim"]
[Black "the_big_master"]
[Result "1-0"]
[WhiteElo "1668"]
[BlackElo "1391"]

1. e4 e5 2. d4 exd4 3. Qxd4 c5 4. Qd5 Nf6 5. Qe5+ Qe7 6. Qxe7+ Bxe7 7. Bd3 Nc6
8. Nf3 h6 9. e5 Nh7 10. O-O O-O 11. Nc3 Nd4 12. Nxd4 1-0

[Event "AUTO-INT-1028"]
[Site "http://www.queenalice.com/game.php?id=459706"]
[Date "2008.9.7"]
[Round "1"]
[White "the_big_master"]
[Black "juim"]
[Result "0-1"]
[WhiteElo "1397"]
[BlackElo "1663"]

1. d4 d5 2. c4 dxc4 3. e4 e6 4. Bxc4 Bb4+ 5. Nc3 Nf6 6. Bg5 O-O 7. e5 Bxc3+ 8.
bxc3 Nbd7 9. exf6 Nxf6 10. Nf3 h6 11. Bh4 Qd7 12. Ne5 Qd6 0-1